Wordt geladen...
| LEADER | 004610000a22001570004500 | ||
|---|---|---|---|
| 020 | |a 0-330-37533-4 | ||
| 082 | |a 823 MCC1/B N8 | ||
| 100 | |a McCabe, Patrick | ||
| 245 | |a Breakfast on pluto | ||
| 260 | |a London, Picador | ||
| 260 | |c 1998 | ||
| 650 | |a English | ||
| 650 | |a Novel | ||
| 942 | |c BK | ||
| 999 | |c 18543 |d 18543 | ||
| 952 | |0 0 |1 0 |4 0 |6 823_000000000000000_MCC1B_N8 |7 0 |8 ENG |9 18350 |a MGUL |b MGUL |d 2013-07-16 |l 6 |m 1 |o 823 MCC1/B N8 |p 29356 |r 2019-08-01 |s 2019-07-09 |w 2013-07-16 |y BK | ||